000 00744nam a22002177a 4500
003 OSt
005 20241204113503.0
008 241204b |||||||| |||| 00| 0 eng d
020 _a9788181438638
040 _cSTCPL
041 _aHIN
082 _aH07
_bMAN-D
100 _aRana, Manjula
_qमंजुला राणा
245 _aDasven dashak ke hindi upanyason mein sampradayik sauhadra /
_cby Manjula Rana
_hदसवें दशक के हिंदी उपन्यासों में संप्रदायिक सौहार्द्र
260 _aNew Delhi :
_bVani Prakashan ,
_c2008 .
300 _a519 p.
_bHB
650 _aHindi literature
650 _aCritical study
942 _cBK
942 _2ddc
_n0
999 _c83842
_d83842